000 00989nam a2200241 i 4500
001 182062
003 ES-MaACL
005 20251015143342.0
008 130528q18501899fr a |||| | fre d
100 1 _aHugo, Victor,
_d1802-1885
_964627
245 1 1 _a[Hernani /
_cVictor Hugo ; illustré par Foulquier].
260 _aParis :
_bJ. Hetzel : Librairie Maresdq et Cie : Librairie Blanchard,
_c[s.a.] (
_fTyp. Simon Raçon et Ce.)
300 _a48 p. :
_bil. ;
_c28 cm.
490 1 _aThéatre de Victor Hugo
594 1 _aTit., autor y editor tomado de la primera página del texto.
596 _aProbablemente impreso en la segunda mitad del siglo XIX.
597 _aTexto a dos columnas.
598 _aMención de la serie tomado de encabezamiento de las páginas pares.
700 1 _aFoulquier, Valentin,
_d1822-1896
_9152770
830 0 _aThéatre de Victor Hugo
_9187975
852 _aES-MaACL
_jC-1913(8)
_q.- Ejemplar sin portada en un vol. facticio
999 _c182062
_d182062